| 000 | 00607nam a2200193Ia 4500 | ||
|---|---|---|---|
| 003 | IN-BaIIA | ||
| 008 | 211028s9999 xx 000 0 eng d | ||
| 020 | _a2-86332-069-6 | ||
| 040 | _cIIA Library | ||
| 080 |
_a524-338 _bVAN |
||
| 245 | 0 |
_aAstrophysical ages and dating methodes _cedited by E. Vangioni-Flam. |
|
| 260 |
_aFrance _bEditions Frontiers _c1990 |
||
| 300 | _axvi, 507p. | ||
| 650 | _aAstronomy and Astrophysics Thesaurus | ||
| 650 |
_aAstrophysical Ages _916902 |
||
| 650 |
_aAstrophysical Dating _916903 |
||
| 700 |
_aVangioni-Flam, E., ed. _916904 |
||
| 942 | _cBK | ||
| 999 |
_c9957 _d9957 |
||